| 000 | 01231nam a2200337 i 4500 | ||
|---|---|---|---|
| 003 | OSt | ||
| 005 | 20210908122347.0 | ||
| 008 | 210907s2021 nyua j 000 1 eng d | ||
| 020 |
_a9780593095775 _cRM30.30 _qpaperback |
||
| 040 |
_aPPAK _beng _cPPAK _erda |
||
| 082 | 0 | 4 |
_223 _a823.92 |
| 090 | 0 | 0 |
_a823.92 _bHAP _dK |
| 100 | 1 |
_aHapka, Cathy, _eauthor. |
|
| 245 | 1 | 0 |
_aAstronaut Girl : _bSILVER AND GOLD / _cby Caty Hapka and Ellen Vandenberg ; illustrated by Gillian Reid |
| 264 | 1 |
_aNew York : _bPenguin Workshop, _c[2021] |
|
| 300 |
_a92 pages : _bcolor illustrations ; _c20 cm |
||
| 336 |
_2rdacontent _atext |
||
| 337 |
_2rdamedia _aunmediated |
||
| 338 |
_2rdacarrier _avolume |
||
| 490 | 1 |
_aAstronaut Girl ; _v3 |
|
| 520 | _aVal is excited to go on one more adventure with her friend Wallace before school starts, but Wallace's friend Carlos keeps butting in | ||
| 650 | 1 | 0 |
_aTriangles (Interpersonal relations) _vJuvenile fiction. |
| 650 | 2 | 0 |
_aFriendship _vJuvenile fiction. |
| 650 | 2 | 0 |
_aAstronauts _vJuvenile fiction. |
| 655 | 7 | _aFiction | |
| 655 | 7 | _aJuvenile fiction. | |
| 700 | 1 |
_a Vandenberg, Ellen, _eauthor. |
|
| 700 | 1 |
_a Reid, Gillian, _eillustator. |
|
| 830 | 0 |
_aAstronaut girl ; _n2 |
|
| 942 |
_2ddc _cB |
||
| 999 |
_c184845 _d184845 |
||